Images of Enlightenment (Запис номер 178443)
[ съкратено ]
| 000 -Лидер | |
|---|---|
| Контролно поле с фиксирана дължина | 01598nam a2200433 c 4500 |
| 003 - Код на организацията, давaща контролен номер | |
| Контролно поле | BLK |
| 005 - Дата и час на последна редакция | |
| Контролно поле | 20200430090828.0 |
| 008 - Елементи от данни с фиксирана дължина | |
| fixed length control field | 180411b bul|||||r ||||||| ||bul|| |
| 010 ## - Наследен системен номер | |
| LC control number | KNG00187165000 |
| 020 ## - Международен стандартен номер на книга ISBN | |
| Международен стандартен номер на книга ISBN | 1-55939-024-7 |
| 040 ## - Източник на каталожния запис | |
| Идентификатор на билиотеката - собственик на записа | BLK |
| 041 ## - Код за език | |
| Код за езика на текст/звукозапис или на отделно заглавие | Английски |
| Код за езика КДБФ | Английски |
| 072 #7 - Код за тематичната категория | |
| Код организация | bullib |
| Код за тематична категория | Н70 |
| Текст | Изкуства Н |
| 080 ## - УДК | |
| Текстов определител УДК | Религиозна живопис |
| УДК код - определител по УДК | 75.046 |
| УДК определител | (515) |
| УДК - код + определител | 75.046(515) |
| 100 1# - Редна дума - Автор | |
| Автор | Landaw, Jonathan |
| Авторска отговорност | първи автор |
| R(LIN) | 16418 |
| 139 ## - Редно поле | |
| Редна дума | Landaw, Jonathan et al. |
| Авторски знак | Land - L 23 |
| Feature heading | Л 21 Д |
| 245 10 - Сведения за заглавието | |
| Заглавие | Images of Enlightenment |
| Подзаглавни данни | Tibetan Art in Practice |
| Редно поле (дума) | Jonathan Landaw; съавт. Andi Weber. |
| 257 ## - Страна на издаване | |
| Страна на създаване/издаване | Съединени американски щати |
| 260 ## - Област на издателските данни | |
| Име на издателя, разпространителя и проч. | Snow Lion |
| Година на издаване | 1993 |
| 300 ## - Физическа характеристика | |
| Страници | 263 p., 32 p. |
| Илюстрации и др. | col. ill. |
| Размери/Мащаб | 22 см |
| 380 ## - Жанр | |
| Жанр | Изкуство |
| 500 ## - Общи забележки | |
| Забележка | Съдържа и за авт. - Речник. - Азб. показалец. - Библиогр. с. 249-258. |
| 650 #4 - Допълнително описание по предмет – тема | |
| Основно описание – тема или топоним | Изобразително изкуство - Тибет |
| 9 (RLIN) | 341392 |
| 650 #4 - Допълнително описание по предмет – тема | |
| Основно описание – тема или топоним | Тибет - изкуство |
| 9 (RLIN) | 341393 |
| 650 #4 - Допълнително описание по предмет – тема | |
| Основно описание – тема или топоним | Китай - изкуство |
| 9 (RLIN) | 265844 |
| 650 #4 - Допълнително описание по предмет – тема | |
| Основно описание – тема или топоним | Изкуство, будистко |
| 9 (RLIN) | 341394 |
| 650 #4 - Допълнително описание по предмет – тема | |
| Основно описание – тема или топоним | Символи и знаци, будистки |
| 9 (RLIN) | 341395 |
| 651 #4 - Допълнително описание по предмет - топоним | |
| Географско понятие | Тибет |
| 9 (RLIN) | 179656 |
| 651 #4 - Допълнително описание по предмет - топоним | |
| Географско понятие | Китай |
| 9 (RLIN) | 242505 |
| 653 ## - Ключова дума – ненормативна | |
| Ключова дума | изобразително изкуство |
| 653 ## - Ключова дума – ненормативна | |
| Ключова дума | будистко изкуство |
| 659 ## - Тематичен бюлетин | |
| Тематичен бюлетин | Н |
| 700 1# - Други автори (авторска отговорност) | |
| Лично име | Weber, Andi |
| Автороска отговорност (Описва отношението между автора и произведението) | съавт. |
| 9 (RLIN) | 341391 |
| 852 ## - Местоположение | |
| Форматна сигнатура | Цб 280009 |
| 856 4# - Електронен адрес и достъп | |
| Електронен формат | pdf - файл |
| 856 4# - Електронен адрес и достъп | |
| Електронен формат | pdf - файл |
| 999 ## - СИСТЕМНИ КОНТРОЛНИ НОМЕРА | |
| Koha biblionumber | 178443 |
| Koha biblioitemnumber | 178443 |
| 942 ## - АРТИКУЛИ | |
| Вид на библиотечния материал | Книги |
| Скрит в OPAC | Не |
| Периодичен библиозапис | Да |
| 944 ## - СЪЗДАВАНЕ И РЕДАКЦИЯ на ЗАПИСА | |
| Създаване/Редакция | Създаване |
| Дата на регистрацията/редакция | 17.03.2016 |
| Статус, дата на статуса | ф / |
| Служител, извършил регистрацията/редакцията | Виолета_Тройчева |
| 944 ## - СЪЗДАВАНЕ И РЕДАКЦИЯ на ЗАПИСА | |
| Създаване/Редакция | Редакция |
| Дата на регистрацията/редакция | 24.10.2017 |
| Статус, дата на статуса | ф / |
| Служител, извършил регистрацията/редакцията | Людмила_Стоянова |
| 999 ## - СИСТЕМНИ КОНТРОЛНИ НОМЕРА | |
| Koha biblioitemnumber | 178443 |
| Код за отписване | Код за изгубен артикул | Източник на класификационната схема | Код за повреда | Коз за рестрикции | Код за отдаване | Артикулен № | Име на библиотеката - собственик | Име на библиотеката, в която се намира в момента | Статус (Текущо местоположение) | Дата на вписване в системата | Местоположение - отдел | Цена в лева | Инвентарен номер | Систематично азбучна сигнатура | Баркод | Номер на екземпляра | Цена в евро | Служебна бележка | Служебен тип на артикула |
|---|---|---|---|---|---|---|---|---|---|---|---|---|---|---|---|---|---|---|---|
| Не е изгубен | Universal Decimal Classification | Не е повреден | без рестрикции | заемане за дома | 306445 | Регионална библиотека "Любен Каравелов" Русе | Регионална библиотека "Любен Каравелов" Русе | Отдел Изкуство - подръчен фонд | 2016-03-18 | Отдел Изкуство - подръчен фонд | 9.00 | 120000799025 | 75.04/Л 21 Д | 120000799025 | 1 | 4.60 | Дост: DA Вид: А N: 10 Дата: 18.03.2016 | Книги |